Manchester United most expensive signings - Statistics

General Stats
  • This quiz has been taken 413 times
    207 since last reset
  • The average score is 9 of 10
Answer Stats
Signed from Season Fee (€) Player % Correct
Juventus 16/17 105 million Paul Pogba
98%
Leicester City 19/20 87 million Harry Maguire
96%
Ajax 22/23 95 million Antony
95%
Borussia Dortmund 21/22 85 million Jadon Sancho
93%
Brentford 25/26 75 million Bryan Mbeumo
90%
RB Leipzig 25/26 76.5 million Benjamin Šeško
88%
Wolverhampton Wanderers 25/26 74.2 million Matheus Cunha
88%
Everton 17/18 84.7 million Romelu Lukaku
82%
Real Madrid 14/15 75 million Ángel Di María
80%
Atalanta 23/24 77.8 million Rasmus Højlund
78%
No matching quizzes found
Score Distribution
Percent of People with Each Score
Percentile by Number Answered
Your Score History
You have not taken this quiz since the last reset